00349nam a22001097a 4500020001800000082001200018100003000030245006900060260008300129300000800212650001900220 a9789381662182 a260 IND aJohn Mohan Razu, Indukuri aCOVID-19 Challenging the Church: The Church Confronts the Future aMokokchung, Kohima, JorhatbTribal Development and Communications Centrec2021 a124 aReconciliation